000 00693nam a2200241Ia 4500
003 OSt
005 20220928102114.0
006 a|||||r|||| 00| 0
007 ta
008 220927b |||||||| |||| 00| 0 eng d
024 _a66195
037 _cTextual
040 _aSDCL
_cSDCL
_beng
041 _2eng
_aeng
082 _aV2:71'L, P2
100 _aKoch Ebba
_9396624
245 0 _aMughal architecture
_bAn outline of its history and development (1526-1858)
260 _aNew Delhi
_bOxford University Press
_c2002
300 _a142p.Bibp143-155
_ccm.
650 _aArchitecture India
_9396625
942 _hV2:71'L, P2
_cTEXL
_2CC
999 _c712373
_d712373